| 000 | 00670nam a2200169 a 4500 | ||
|---|---|---|---|
| 008 | 120416s1971 ||||||||||||||||| || u | ||
| 050 | _aHD 7288.78.J22.T7 Low | ||
| 110 | _aShankland cox and Associates | ||
| 245 | 1 | 0 | _aLow cost housing in Jamaica |
| 246 | _astudy and proposals for redevelopment of a squatter area in Trench Town, Kingston, Jamaica | ||
| 260 |
_aKingston _bShankland Cox _c1971 |
||
| 300 | _a104p. : ill. | ||
| 350 | _a0.00 | ||
| 650 | _aHOUSING | ||
| 650 | _aHOUSING--JAMAICA--CONGRESSES | ||
| 995 |
_D0.00 _FCBU-MAIN LIBRARY (Kitwe) _H1 _I4.70 _M1 _UDAMAGED _ZMain Library Open Access Collection |
||
| 999 |
_c49546 _d49546 |
||